Honismeret az alapiskola 3. osztálya számára munkafüzet

Bibliographic Details
Main Authors: Stanko, Ján (Author), Stanková, Anna (Author), Hušková, Jiřina (Author)
Other Authors: Urbán, Zsolt (Translator), Žitňanová, Tatiana, 1956- (Illustrator)
Format: Book
Language:Hungarian
Slovak
PhysicalDescription:18 s. ilustr., sch., tab. 29 cm
Published: Bratislava Slovenské pedagogické nakladateľstvo 2006
ISBN:8010009784
Edition:12. kiad.
Subjects:

MARC

LEADER 00000nam a2200000 a 4500
001 vtls008771993
003 SK-MaSNL
005 20260302054202.0
008 240318s2006 xo al b p 000 0 hun
015 |a SNBA2006/06-03324 
020 |a 8010009784  |q (brož.) 
035 |a F14570CA-576A-480A-B3E1-6B9834EA92AC 
035 |a urn:nbn:sk:snk-amkpxl 
035 |a urn:nbn:sk:snk-am005dmm 
040 |a SNK  |b slo  |c SNK  |e AACR2 
041 1 |a hun  |h slo 
044 |a xo  |c SK 
072 7 |a 913  |x Regionálna geografia  |2 konspekt 
072 7 |a 37.016  |x Učebné osnovy. Vyučovacie predmety. Učebnice  |2 konspekt 
080 |a (075.2)  |2 2001 
080 |a (076.1)  |2 2001 
080 |a (041)  |2 2001 
080 |a 908  |2 2001 
100 1 |a Stanko, Ján  |4 aut  |9 8242 
245 1 0 |a Honismeret az alapiskola 3. osztálya számára  |b munkafüzet  |c [szerzők: Ján Stanko, Anna Stanková, Jiřina Hušková ; fordította: Urbán Zsolt ; illusztrációk: Táňa Žitňanová] 
250 |a 12. kiad. 
260 |a Bratislava  |b Slovenské pedagogické nakladateľstvo  |c 2006 
300 |a 18 s.  |b ilustr., sch., tab.  |c 29 cm 
500 |a Názov z obalu 
650 0 7 |a vlastiveda  |2 SNKPH  |9 3887 
655 7 |a učebnice základných škôl  |2 SNKPH  |9 70187 
655 7 |a pracovné zošity  |2 SNKPH  |9 70188 
655 7 |a brožúry  |2 SNKPH  |9 70146 
700 1 |a Stanková, Anna  |4 aut  |9 46948 
700 1 |a Hušková, Jiřina  |4 aut  |9 44424 
700 1 |a Urbán, Zsolt  |4 trl  |9 26162 
700 1 |a Žitňanová, Tatiana,  |d 1956-  |4 ill  |9 86022 
919 |a 80-10-00978-4 
958 |a OND 
968 |a MAG  |b SLO  |d 91 
999 |c 1112349  |d 1114279 
952 |a SNK  |b SNK  |y PREZ  |7 0  |p 17A0513211  |o snkSB 72428  |i snk2006/11687  |8 0  |0 0  |1 0  |4 0  |d 2006-06-09  |l 0  |r 2025-04-25 00:00:00  |w 2026-02-24 
952 |a SNK  |b SNK  |y VYP  |7 0  |p 17A0513212  |o snkSB 72428 D1  |i snk2006/11688  |8 0  |0 0  |1 0  |4 0  |d 2006-06-09  |f 1  |l 0  |r 2016-06-30 00:00:00  |w 2026-02-24